000 00272nam a22000977a 4500
008 170104b xxu||||| |||| 00| 0 eng d
041 _aeng
080 _23d ed.
_a618.2
245 _aEmergency Care and Transportation
_cAmerican Academy of Orthopaedic Surgeons
942 _2udc
_cBK
999 _c2530
_d2530